000 00748nmc a2200277 a 4500
003 AR-BaBNM
005 20251128203215.0
008 246019s1926 ||||||||||||||000 | spa||
040 _cAR-BaBNM
100 1 _aBucich Escobar, Ismael
245 1 0 _aVida de Nicolás Avellaneda
260 _aBuenos Aires
_bFerrari
_c1926
300 0 _a100 p.
490 0 _aBiblioteca Avellaneda
600 1 4 _aAvellaneda, Nicolás
_d1837-1885
650 4 _aHISTORIA ARGENTINA
650 4 _aBIOGRAFIAS
650 4 _aPRESIDENCIAS ARGENTINAS
650 4 _aPERIODO INDEPENDIENTE
650 4 _aFEDERALIZACION DE BUENOS AIRES
650 4 _aCONQUISTA DEL DESIERTO
650 4 _aREVOLUCION DE 1874
655 _aBIOGRAFIAS
942 _cBK
998 _cEnrique
999 _c2393
_d2393